Moderne Landen van het Inca-Rijk - Statistieken

Algemene statistieken
  • Deze quiz is 1.904 keer genomen
  • De gemiddelde score is 6 van 6
Antwoorden op de kaart
Antwoorden kleurgecodeerd door een groen-rode schaal op de quizkaart volgens % correct hieronder.
 
Antwoordstatistieken
Land % Correct
Chili
98%
Peru
98%
Bolivia
96%
Argentinië
95%
Ecuador
95%
Colombia
94%
Geen overeenkomende quizzen gevonden
Scoreverdeling
Procent van Mensen met Elke Score
Percentiel versus Aantal Correcte Antwoorden
Uw Scoregeschiedenis
U heeft deze quiz nog niet genomen